Visualizzazione normale
Vista MARC
- Carrà Elisabetta (et al.)
di Personal Name
Records bibliografici associati: 1
001 - CONTROL NUMBER
- control field: 62085
003 - CONTROL NUMBER IDENTIFIER
- control field:
005 - DATE AND TIME OF LATEST TRANSACTION
- control field: 20250416121946.0
008 - FIXED-LENGTH DATA ELEMENTS
- fixed length control field: 250416|| aca||aabn | a|a d
040 ## - CATALOGING SOURCE
- Original cataloging agency:
- Transcribing agency:
100 ## - HEADING--PERSONAL NAME
- Personal name: Carrà Elisabetta (et al.)
670 ## - SOURCE DATA FOUND
- Source citation: Work cat.: ()360283: Carrà Elisabetta (et al.), Come cambia il rito del matrimonio in Italia. Una ricerca qualitativa intergenerazionale, 2024